Actual First Names of Baseball Players - Statistics

General Stats
  • This quiz has been taken 230 times
  • The average score is 4 of 16
Answer Stats
Commonly Known as Real First Name % Correct
Babe Ruth George
96%
Oil Can Boyd Dennis
41%
Three-Finger Brown Mordecai
40%
Nap Lajoie Napoleon
37%
Ty Cobb Tyrus
37%
Yogi Berra Lawrence
30%
Cy Young Denton
29%
Nolan Ryan Lynn
18%
Cool Papa Bell James
17%
Albert Pujols Jose
16%
Lefty Grove Robert
16%
Pee Wee Reese Harold
11%
Cap Anson Adrian
10%
Dizzy Dean Jay
9%
Coco Crisp Covelli
7%
Bucky Dent Russell
6%
No matching quizzes found
Score Distribution
Percent of People with Each Score
Percentile by Number Answered
Your Score History
You have not taken this quiz